La novela: Galdós y Unamuno

محفوظ في:
التفاصيل البيبلوغرافية
المؤلف الرئيسي: Ayala, Francisco (مؤلف)
التنسيق: كتاب
اللغة:الإسبانية
منشور في: Barcelona Seix Barral 1974
سلاسل:Biblioteca Breve
الموضوعات:
الوسوم: إضافة وسم
لا توجد وسوم, كن أول من يضع وسما على هذه التسجيلة!

MARC

LEADER 00000nam a2200000 a 4500
001 UCT7420
003 CL-VaPUC
008 970117e19740000SP |||||||||||||||||spa|d
082 0 4 |a 863.09  |b AYA  |2 21 
100 |a Ayala, Francisco  |e author  |9 466127 
245 1 3 |a La novela: Galdós y Unamuno 
300 |a 161 p 
942 |c BK 
945 |d 19970117 00:00:00  |a nastorga 
260 |a Barcelona  |b Seix Barral  |c 1974 
600 0 7 |a PEREZ GALDOS, BENITO  |2 CL-VaPUC  |9 318144 
600 0 7 |a UNAMUNO, MIGUEL DE  |2 CL-VaPUC  |9 312478 
650 7 |a NOVELA ESPAÑOLA  |2 CL-VaPUC  |9 313139 
650 7 |a COSTUMBRISMO  |2 CL-VaPUC  |9 376965 
650 7 |a REALISMO EN LA LITERATURA  |2 CL-VaPUC  |9 316222 
650 0 |a Crítica e interpretación   |9 255042 
583 |a last modification  |c 19970117 00:00:00  |k Rodrigo Vera 
490 0 |a Biblioteca Breve 
999 |c 256044  |d 256042 
952 |0 0  |1 0  |4 0  |6 863_090000000000000_AYA_1974  |7 0  |8 A  |9 278580  |a BIBEDU  |b BIBEDU  |d 2019-11-19  |i 3273652  |o 863.09 AYA 1974  |p 3273652  |r 2019-11-19  |w 2019-11-19  |y BK  |k LIT